LEADER 01164nam a2200265 4500 001 000000357902 003 CaOOAMICUS 005 20240408123457.0 008 240408s2023 it 000 u ita r 020 $a978-88-6826-390-4 040 $aSeMil$bita 100 1 $aAles Bello, Angela,$d<1939- >.$0(OLS)http://semarc/name/2623 245 10$aTi racconto l'aldilą :$bfenomenologia della vita umana ante mortem e post mortem /$cAngela Ales Bello, Anna Maria Sciacca. 264 1$aRoma :$bCastelvecchi,$c2023. 300 $a213 p. ;$c21 cm 490 1 $aNavi 650 4$aAldilą.$0(OLS)http://semarc/subject/8152 700 1 $aSciacca, Anna Maria.$0(OLS)http://semarc/name/111594 830 3$aNavi.$0(OLS)http://semarc/title/446522 850 $aSeMil 852 $aSeMil$W1$xVenegono$y1$m2B IV 357$j247456$B249044$CSeMilBibl$Z2$F249044 $81 996 $6020$a978-88-6826-390-4$9(OLS)http://semarc/number/300166 996 $6245$aTi racconto l'aldilą :$bfenomenologia della vita umana ante mortem e post mortem$9(OLS)http://semarc/title/448188 996 $6264$aRoma :$bCastelvecchi$9(OLS)http://semarc/publisher/36831 LEADER 00841nam a2200205 i 4500 001 000000060307 003 CaOOAMICUS 005 20140429000000.0 008 140429s1969 xx u000 u eng u 013 $a31479 040 $aSeMil$bita 100 1 $aMeyendorff, Jean,$d<1926-1992>.$0(OLS)http://semarc/name/4289 245 10$aChrist in eastern christian thought /$cJohn Meyendorff. 260 $aWashington ; Cleveland :$bCorpus Books,$c1969. 300 $aIX, 218 p., [1] p. di tav. ;$c21 cm. 650 4$aChiese Orientali.$0(OLS)http://semarc/subject/2275 850 $aSeMil 852 $aSeMil$W1$xVenegono$y1$m2K II 281$j26460$B26460$CSeMilBibl$Z2$F26463 $81 996 $6245$aChrist in eastern christian thought$9(OLS)http://semarc/title/94479 996 $6260$aWashington ; Cleveland :$bCorpus Books$9(OLS)http://semarc/publisher/42170